00300nam a2200121Ia 4500008004100000041001200041082001100053100001500064245007300079260000600152650000600158700001400164221030s9999 xx 000 0 und d aEnglish a105.23 aP. C. Wren 0aHigh School English Grammar & Compositioncby P. C. Wren , H. Martin c0 aB aH. Martin